00904nam a22001697a 450000500170000000800410001704000120005804100080007004400070007824501950008526000870028030000370036750400500040465001010045465000840055565000950063920141126115250.0141126b2011 ck Il. |r|||| 00| 0 spa d cCO-BoIH aspa ack aImplementación Técnica y Participativa del Plan de Restauración de las Áreas Afectadas por Incendios Forestales en el Páramo de Rabanal-Municipio de Samaca : bCartilla Informativa a[Boyacá?] :bCorporación Autónoma Regional de Boyacá-CORPOBOYACÁ,c2011. a17 pag.bIl., fot (col.)c28 cm. aIncluye referencias bibliográficas (pag 17) aPrevención de incendios forestales zPáramo Rabanal (Altiplano Cundiboyacense Dpt. Colombia) aIncendios forestaleszPáramo Rabanal (Altiplano Cundiboyacense Dpt. Colombia) aProtección del medio ambientezPáramo Rabanal (Altiplano Cundiboyacense Dpt. Colombia)